| 000 | 00629nam a22001937a 4500 | ||
|---|---|---|---|
| 005 | 20180531105828.0 | ||
| 010 | _aENG-123132 | ||
| 020 |
_c180.00 _a9788186262233 |
||
| 035 | _aEN-106664 | ||
| 037 | _bDBAD/PUB | ||
| 082 | _a181.432 | ||
| 100 | _aSharma, Neelam | ||
| 245 |
_aHolistic education and yoga / _cby Neelam Sharma |
||
| 260 |
_aDelhi _bShipra Publications _c2017 |
||
| 270 |
_aLG 18-19,Pankaj Central Market I.P.Ext.,Patparganj _bDelhi _e110092 _k91 11 22235152/ 6152 _mwww.shiprapublication.com |
||
| 300 |
_a157p. _c21cm(pbk) |
||
| 500 | _aIt includes index | ||
| 942 |
_2ddc _cEN _mSHA _h181.432 |
||
| 999 |
_c152457 _d152457 |
||